000
00320nam a2200121 a 4500
008
100914s1965|||| d
245
1
0
_a
Barón Goldring sa vracia
100
1
_a
Dolď-Mychajlyk, J.
020
_c
18
044
_a
xo
_c
SK
041
_a
slo
260
_b
Vydavateľstvo politickej literatúry
_c
1965
_a
Bratislava
999
_c
10297
_d
10297